| 000 | 00491nam a2200169 a 4500 | ||
|---|---|---|---|
| 001 | 9 | ||
| 003 | CDMR | ||
| 005 | 20131014114522.0 | ||
| 008 | 130130s1966||||||||||||||||||||||||||||d | ||
| 040 |
_aCDMR _bcat _cCDMR |
||
| 100 | 1 |
_aAltabella Hernández, José _912 |
|
| 245 | 1 | 3 |
_aEl Norte de Castilla en su marco periodístico _b: (1854-1965) _cJosé Altabella |
| 260 |
_aMadrid _c1966 _bEditora Nacional |
||
| 300 | _a199 p. | ||
| 490 | 0 |
_aTierra, Historia y Política _aSerie Historia |
|
| 942 |
_cMON _2udc |
||
| 999 |
_c9 _d9 |
||